| 000 | 01043cam a2200313 a 4500 | ||
|---|---|---|---|
| 001 | 2636 | ||
| 003 | FISKH | ||
| 005 | 20240105162151.0 | ||
| 008 | 030711s2004 nyu j 000 1 eng | ||
| 010 | _a 2003015643 | ||
| 020 | _a0066236223 | ||
| 020 | _a0066236231 (lib. bdg.) | ||
| 020 | _a9780439793339 | ||
| 040 |
_aDLC _cDLC _dDLC _beng |
||
| 042 | _alcac | ||
| 050 | 0 | 0 |
_aPZ7.W42235 _bSo 2004 |
| 082 | 0 | 0 |
_a[Fic] _222 |
| 100 | 1 | _aWeeks, Sarah. | |
| 245 | 1 | 0 |
_aSo B. It : _ba novel / _cby Sarah Weeks. |
| 250 | _aFirst Scholastic paperback printing, September 2006 | ||
| 260 |
_aNew York : _bScholastic, _c2004 |
||
| 300 |
_a245 pages : _c20 cm |
||
| 520 | _aAfter spending her life with her mentally retarded mother and agoraphobic neighbor, twelve-year-old Heidi sets out from Reno, Nevada, to New York to find out who she is. | ||
| 650 | 1 |
_aIdentity _vFiction. |
|
| 650 | 1 |
_aMothers and daughters _vFiction. |
|
| 650 | 1 |
_aMental illness _vFiction. |
|
| 906 |
_a7 _bcbc _corignew _d1 _eecip _f20 _gy-gencatlg |
||
| 942 |
_2ddc _cBK _n0 |
||
| 999 |
_c2636 _d2636 |
||